000
00461nam a2200133Ia 4500
008
100328s9999 xx 000 0 und d
082
_b
55084
100
_a
बेडेकर विश्राम
245
_a
एक झाड आणि दोन पक्षी
260
_b
पॅाप्युलर
630
_a
एक झाड आणि दोन पक्षी
730
_a
एक झाड आणि दोन पक्षी
942
_c
BOOK
999
_c
541785
_d
541782